Uni- Vocabulary Words - Statistics

General Stats
  • This quiz has been taken 168 times
  • The average score is 13 of 20
Answer Stats
hint answer % Correct
mythical one-horned animal unicorn
100%
everything, including all the galaxies universe
94%
U in UFO unidentified
93%
school that issues degrees university
93%
one-wheeled vehicle unicycle
91%
one of a kind unique
91%
suitable for either gender unisex
87%
______ of measurement, eg kgs and lbs units
86%
all at once in {unison}
71%
having zero population uninhabited
64%
accidental unintended
63%
Atlantic island kingdom United
62%
decided by one party only; not mutual unilateral
59%
Confederates' opponents in the US Civil War Unionists
58%
insignificant, minor unimportant
50%
U in NATO's phonetic alphabet uniform
43%
unrestrained by social convention uninhibited
38%
with a single legislative chamber unicameral
33%
having just one dimension unidimensional
32%
freely, without physical hindrance unimpeded
18%
No matching quizzes found
Score Distribution
Percent of People with Each Score
Percentile by Number Answered
Your Score History
You have not taken this quiz